Účtovanie nákladov podnikových materiálových tokov diplomová práca

Gespeichert in:
Bibliographische Detailangaben
1. Verfasser: Halászová, Veronika
Körperschaft: Podnikovohospodárska fakulta EU so sídlom v Košiciach. Katedra manažmentu
Weitere Verfasser: Szaryszová, Petra, 1984-
Format: Buch
Sprache:Slowakisch
Veröffentlicht: Košice 2014
Tags: Tag hinzufügen
Keine Tags, Fügen Sie das erste Tag hinzu!

MARC

LEADER 00000nbm a2200000 4500
001 0187024
005 20170201084701.6
041 0 |a slo 
044 |a SK 
245 1 0 |a Účtovanie nákladov podnikových materiálových tokov  |b diplomová práca  |c Veronika Halászová ; školiteľ: Petra Szaryszová 
264 1 |a Košice  |c 2014 
300 |a 70 s. 
100 1 |a Halászová, Veronika 
700 1 |a Szaryszová, Petra, 1984- 
710 2 |a Podnikovohospodárska fakulta EU so sídlom v Košiciach. Katedra manažmentu